Retos de la política social en México /
Guardado en:
| Autor principal: | |
|---|---|
| Otros Autores: | |
| Formato: | Texto |
| Materias: | |
| Etiquetas: |
Agregar Etiqueta
Sin Etiquetas, Sea el primero en etiquetar este registro!
|
MARC
| LEADER | 00000 a a2200000 04500 | ||
|---|---|---|---|
| 001 | 5341 | ||
| 003 | |||
| 040 | |||
| 100 | |a Hernández Licona, Gonzalo | ||
| 245 | |a Retos de la política social en México / |c Gonzalo Hernández Licona | ||
| 650 | |a POLITICA SOCIAL | ||
| 650 | |a EVALUACION | ||
| 650 | |a DESARROLLO HUMANO | ||
| 650 | |a POBREZA | ||
| 650 | |a DESIGUALDAD SOCIAL | ||
| 650 | |a INGRESO | ||
| 700 | |a Merino Juárez, Gustavo |a Rascón Ramírez, Ericka | ||
| 773 | |g número 321; páginas 64-80 | ||
| 999 | |c 27348 |d 27348 | ||
